Commercialization of Federally Funded R&D : A Guide to Technology Transfer from Federal Laboratories.

Report, prepared by Wendy H. Schacht (CRS), also for use of the House Science, Space, and Technology Subcom on Science, Research, and Technology, reviewing legislative and administrative mechanisms for technology transfer from federally funded laboratories to State and local agencies and the private...

Full description

Bibliographic Details
Corporate Authors: Library of Congress. Congressional Research Service, ProQuest (Firm)
Format: Government Document eBook
Language:English
Published: [Place of publication not identified] : [publisher not identified], 1988.
Series:U.S. Congressional Research.
Subjects:
Online Access:Connect to the full text of this electronic book

MARC

Tag First Indicator Second Indicator Subfields
LEADER 00000cam a22000001a 4500
001 in00003378430
006 m d f
007 cr bn mmmapmmp
008 100621s1988 dcu o f000 0 eng d
005 20260501193055.3
035 |a cis2007882822 
040 |a ProQuest  |c ProQuest  |d UtOrBLW 
043 |a n-us--- 
086 0 |a Y 4.C 73/7:S.prt.100-130 
099 |a CRS-1988-SPR-0043 
110 2 |a Library of Congress.  |b Congressional Research Service. 
245 1 0 |a Commercialization of Federally Funded R&D :  |b A Guide to Technology Transfer from Federal Laboratories. 
264 1 |a [Place of publication not identified] :  |b [publisher not identified],  |c 1988. 
300 |a 1 online resource. 
336 |a text  |b txt  |2 rdacontent 
337 |a computer  |b c  |2 rdamedia 
338 |a online resource  |b cr  |2 rdacarrier 
500 |a Record is based on bibliographic data in ProQuest U.S. Congressional Research Digital Collection (last viewed June 2010). Reuse except for individual research requires license from ProQuest, LLC. 
500 |a CRS Report. 
520 |a Report, prepared by Wendy H. Schacht (CRS), also for use of the House Science, Space, and Technology Subcom on Science, Research, and Technology, reviewing legislative and administrative mechanisms for technology transfer from federally funded laboratories to State and local agencies and the private sector. 
520 |a Examines technology commercialization policies under the Federal Technology Transfer Act of 1986, and describes the role of the Center for the Utilization of Federal Technology in disseminating federally originated technological information. 
520 |a Supplementary information (p. 13-58) includes: 
500 |a Electronic resource. 
610 1 0 |a United States.  |t Laws, etc. (Statutes of the United States) 
610 2 0 |a Library of Congress.  |b Congressional Research Service. 
650 0 |a Government information. 
655 7 |a Electronic books.  |2 local 
710 2 |a ProQuest (Firm) 
776 0 8 |i Microfiche version:   |a Library of Congress. Congressional Research Service.  |t Commercialization of Federally Funded R&D:.  |o 88-S262-6 
830 0 |a U.S. Congressional Research. 
856 4 0 |u http://proxy.library.tamu.edu/login?url=https://congressional.proquest.com/congcomp/getdoc?CRDC-ID=CRS-1988-SPR-0043  |z Connect to the full text of this electronic book  |t 0 
999 |a MARS 
999 f f |s 3b1e529d-831f-3b2b-9c51-d25f73d87dd5  |i fd2b4907-6bd0-38f1-ade3-b2f451a5b045  |t 0 
952 f f |a Texas A&M University  |b College Station  |c Electronic Resources  |s www_evans  |d Available Online  |t 0  |e CRS-1988-SPR-0043  |h Other scheme 
998 f f |a CRS-1988-SPR-0043  |t 0  |l Available Online